000 00684nam a22002297a 4500
003 DO-SdBNP
005 20240530073926.0
007 ta
008 220202b2020 dr ||||| |||| 00| f spa d
020 _a9789945805727
040 _aDO-SdBNP
_bspa
_cBNPHU
082 4 _aRD863.5
_bP438a
_222
100 1 _aPérez Lagombra, Junior
_d1964-
_978153
245 1 0 _aÁngeles y Luciérnagas /
_cJunior Pérez Lagombra
260 _aSanto Domingo :
_b[s. n.],
_c2019.
300 _a288 p. ;
_c23 cm.
590 _aInventariado, 2022 /LP
650 0 _aNovela dominicana
_9223
650 4 _aLiteratura dominicana
910 _aLopérez./Validado. Control de calidad MFF
942 _2ddc
_cLBS1
999 _c51311
_d51311